Make more of your marriage. (Record no. 16628)

000 -LEADER
fixed length control field 00509nam a2200169 a 4500
001 - CONTROL NUMBER
control field :::00019801$&:&@@
003 - CONTROL NUMBER IDENTIFIER
control field OkBaRHE
005 - DATE AND TIME OF LATEST TRANSACTION
control field 20011102160334.0
008 - FIXED-LENGTH DATA ELEMENTS--GENERAL INFORMATION
fixed length control field s1976 j 000 0 eng u
040 ## - CATALOGING SOURCE
Transcribing agency
100 1# - MAIN ENTRY--PERSONAL NAME
Personal name Collins, Gary R., ed.
245 10 - TITLE STATEMENT
Title Make more of your marriage.
260 ## - PUBLICATION, DISTRIBUTION, ETC. (IMPRINT)
Place of publication, distribution, etc Waco, TX
Name of publisher, distributor, etc Word Books
Date of publication, distribution, etc 1976
300 ## - PHYSICAL DESCRIPTION
Extent 187 p.
942 ## - ADDED ENTRY ELEMENTS (KOHA)
Source of classification or shelving scheme
Koha item type Books
Copies
Date last seen Source of classification or shelving scheme Barcode Full call number Withdrawn status Koha item type Current Location Lost status Not for loan Date acquired Price effective from Shelving location Copy number Damaged status Permanent Location
2010-04-14 19801HQ 10 M366 BooksRHEMA Bible Training College  2010-04-142010-04-14General Stacks1 RHEMA Bible Training College